|
|
|
|
| LEADER |
00000cam a2200000 7i4500 |
| 001 |
0000014472 |
| 005 |
20080422.0 |
| 008 |
030308 |
| 020 |
|
|
|a 9839099523
|
| 090 |
0 |
0 |
|a 340.5909595
|b AHM
|
| 100 |
1 |
|
|a Ahmad Mohamed Ibrahim
|
| 245 |
1 |
2 |
|a The administration of islamic law in Malaysia
|c Ahmad Mohamed Ibrahim
|
| 260 |
|
|
|a Kuala Lumpur :
|b Institut Of Islamic Understanding Malaysia ,
|c 2000
|
| 650 |
|
0 |
|a Islamic law
|x Malaysia
|
| 650 |
|
0 |
|a Law
|x Malaysia
|
| 999 |
|
|
|a 0001011506
|b Book
|c REFERENCE
|e Perbadanan Perpustakaan Awam Johor
|
| 999 |
|
|
|a 0001011507
|b Book
|c Adult Collection
|e Perbadanan Perpustakaan Awam Johor
|
| 999 |
|
|
|a 0001011508
|b Book
|c Adult Collection
|e Cawangan Segamat
|
| 999 |
|
|
|a 0001023800
|b Book
|c Adult Collection
|e Cawangan Urban Transformation Centre
|